000 00843cam a2200241 4500
001 J252
008 090401t1991 xxu||||| |||| 00| 0 eng d
035 _a(Sirsi) u74076
041 _aeng
050 _a692.3
_c18
110 _aUnited Kingdom
_bProperty Services Agency
_91138
245 _aEstate management building works : schedule of work.
260 _aCroydon
_bPSA Specialist Services
_c1991
300 _a17p.
_c30cm.
350 _a10
520 _aTo be read in conjunction with the Standard Specification Estate Management Building Works.
650 _aESTATE MANAGEMENT
650 _aPSA STANDARD SPECIFICATION FOR ESTATE MANAGEMENT BUILDING WORKS
650 _aPSA SCHEDULE OF WORK FOR ESTATE MANAGEMENT BUILDING WORKS
690 _aBUILDING AND CONSTRUCTION-REPAIRS AND MAINTENANCE
942 _n0
948 _c04/03/1997
999 _c95766
_d95766